000 00348 a2200157 4500
001 171398
020 _a
040 _cMagnum
100 _aSardenberg, Maria Percinia Escosteguy
240 1 0 _aO segredo da ilha
_lpor
245 1 0 _aO segredo da ilha
362 0 _a1899
440 1 _aDo Brasil
697 _aIJ/AVENTURA, CRIANCAS
942 _cBK
999 _c171398
_d171398